Central Library OPAC University of Rajshahi

Marshall McLuhan / (Record no. 24104)

MARC details
000 -LEADER
fixed length control field 00813cam a2200277 4500
001 - CONTROL NUMBER
control field 24104
003 - CONTROL NUMBER IDENTIFIER
rucl marc code BD-RjUL
005 - DATE AND TIME OF LATEST TRANSACTION
control field 20211209001017.0
008 - FIXED-LENGTH DATA ELEMENTS--GENERAL INFORMATION
fixed length control field 140312s1969 onc b 000 0 eng
035 ## - SYSTEM CONTROL NUMBER
System control number (BD-RjUL)24170
040 ## - CATALOGING SOURCE
Original cataloging agency DLC
Transcribing agency DLC
Modifying agency DLC
Language of cataloging eng
041 ## - LANGUAGE CODE
Language code of text/sound track or separate title eng
082 00 - DEWEY DECIMAL CLASSIFICATION NUMBER
Classification number 001.50924
Author mark and year DUM 1969
100 1# - MAIN ENTRY--PERSONAL NAME
Personal name Duffy, Dennis,
Dates associated with a name 1938-
9 (RLIN) 74259
245 10 - TITLE STATEMENT
Title Marshall McLuhan /
Statement of responsibility, etc. Dennis Duffy
260 ## - PUBLICATION, DISTRIBUTION, ETC. (IMPRINT)
Place of publication, distribution, etc. Toronto :
-- Montreal :
Name of publisher, distributor, etc. McClelland and Stewart,
Date of publication, distribution, etc. c1969
300 ## - PHYSICAL DESCRIPTION
Pagination 64 p. ;
Size 19 cm.
350 ## - PRICE (NR) (BK AM CF MU VM SE) [OBSOLETE]
Price 0.95
490 0# - SERIES STATEMENT
Series statement New Canadian library. Canadian writers, no. 1
504 ## - BIBLIOGRAPHY, ETC. NOTE
Bibliography, etc Bibliography: p. 59-61.
600 10 - SUBJECT ADDED ENTRY--PERSONAL NAME
Personal name McLuhan, Marshall,
Dates associated with a name 1911-1980.
651 #0 - SUBJECT ADDED ENTRY--GEOGRAPHIC NAME
Geographic name Canada
General subdivision Intellectual life
Chronological subdivision 20th century.
9 (RLIN) 67531
942 ## - ADDED ENTRY ELEMENTS (KOHA)
Source of classification or shelving scheme Dewey Decimal Classification
Koha item type Books
Holdings
Lost status Source of classification or shelving scheme Damaged status Not for loan Collection code Permanent Location Current Location Shelving location Date acquired Source of acquisition Cost, normal purchase price Total Checkouts Full call number Date last seen Copy number Koha item type
  Dewey Decimal Classification   Added to bundle Non-fiction Central Library, University of Rajshahi Central Library, University of Rajshahi Reading Room 29/07/1987 Not Found 0.00   001.50924 DUM 1969 12/03/2014 C-1 Books